| 000 | 00675nam a2200217 i 4500 | ||
|---|---|---|---|
| 001 | bg | ||
| 100 | 1 | _aADAMKIEWICZ, Hanna G. | |
| 245 | 1 | 0 |
_aPodręcznik samodzielnej nauki mikroekonomii - przedsiębiorstwo : _bpodstawy zachowania producenta w gospodarce rynkowej : repetytorium. |
| 260 |
_aGdańsk : _bOśrodek Doradztwa i Doskonalenia Kadr, _c[1996]. |
||
| 300 |
_a223 s. : _brys. ; _c21 cm. |
||
| 504 | _aBibliogr. przy rozdz. | ||
| 650 | 9 | _aMikroekonomia | |
| 655 | _aPodręczniki | ||
| 020 | _a8386514175 | ||
| 040 | _cBPK | ||
| 041 | 0 | _apl | |
| 080 | _a330.101.542(07) | ||
| 920 | _a83-86514-17-5 | ||
| 942 | _cKS | ||
| 008 | s pl f |000 0 pol | ||
| 999 |
_c35828 _d35828 |
||
| 856 |
_uhttp://koha.tu.koszalin.pl/cgi-bin/koha/opac-detail.pl?biblionumber=35828 _yKatalog online BPK |
||